| 000 | 01226nam a2200373 a 4500 | ||
|---|---|---|---|
| 003 | CO-BoRNBP | ||
| 005 | 20230518135121.0 | ||
| 007 | ta | ||
| 008 | 000209s2006 ck gr 0001f spa d | ||
| 020 | _a9588293073 | ||
| 040 |
_aCO-BoRNBP _bspa _erda _cCO-BoRNBP |
||
| 041 | 0 | _aspa | |
| 043 | _as-ck--- | ||
| 084 | _aN ROBF1 | ||
| 100 | 1 | 0 |
_aRobledo Cadavid, Alvaro _d1977- _92093 |
| 245 | 1 | 0 |
_aFinal de las noches felices _cAlvaro Robledo ; editores Benjamín Villegas, Luis Fernando Charry |
| 250 | _a1a. ed. | ||
| 264 | 3 |
_aBogotá _bVillegas Editores _c2006 |
|
| 300 |
_a252 páginas _c21 cm. |
||
| 336 |
_atexto _btxt _2rdacontent |
||
| 337 |
_asin mediación _bn _2rdamedia |
||
| 338 |
_avolumen _bnc _2rdacarrier |
||
| 490 | _aColección turquesa narrativa | ||
| 490 | _aVillegas. Novela | ||
| 650 | 1 | 4 |
_aNovela colombiana _2LEMB _ySiglo XXI _91602 |
| 650 | 1 | 4 |
_aLiteratura Colombiana _2LEMB _ySiglo XXI _965 |
| 650 | 1 | 4 |
_aAmor en la literatura _2LEMB _969 |
| 650 | 1 | 4 |
_aTristeza en la literatura _2LEMB _9925 |
| 650 | 1 | 4 |
_aAmistad en la literatura _2LEMB _970 |
| 700 | 1 | 0 |
_aBenjamín, Villegas _eeditor _9189 |
| 700 | 1 | 0 |
_aCharry, Luis Fernando _d1976- _eeditor _92094 |
| 942 | _cBK | ||
| 949 |
_ac _bc |
||
| 999 |
_c9562 _d9562 |
||